00704cam a22002051 45000010005000000030008000050050017000130080039000300350018000690350020000870400042001070410008001490820022001571000049001792450087002282600053003153000054003685040041004226500035004632884BD-RjUL20211208233633.0131217s1961 njua b 000 0 eng a(BD-RjUL)2912 a(OCoLC)14142889 aDLCcCoFSdODaWUdOCoLCdUkdDLCbeng aeng00a338.272bHOS 19611 aHodgkins, Jordan A.q(Jordan Atwood),d1920-10aSoviet power :benergy resources, production and potentials /cJordan A. Hodgkins. aEnglewood Cliffs, N.J. :bPrentice-Hall,cc1961. axviii, 190 p. :bmaps, diagrs., tables. ;c24 cm. aIncludes bibliographical references. 0aPower resourceszSoviet Union.